明日方舟六星角色技能对应的干员 Arknights Quiz - Statistics

General Stats
  • This quiz has been taken 63 times
  • The average score is 46 of 90
Answer Stats
Hint Answer % Correct
真银斩 银灰
100%
指令:熔毁 凯尔希
96%
火山 艾雅法拉
94%
钙质化 塞雷娅
87%
“假日风暴” 假日威龙陈
85%
爆发剂·榴莲味
81%
黄昏 史尔特尔
81%
狐火渺然 铃兰
79%
未照耀的荣光 玛恩纳
79%
写意胜形
77%
澄净闪耀 澄闪
77%
镜花水月 水月
77%
千金一掷 琳琅诗怀雅
74%
贵客盈门 老鲤
74%
过载模式 能天使
74%
赤霄·绝影
74%
至高之术 棘刺
74%
“潮涌,潮枯” 浊心斯卡蒂
72%
宁作吾
72%
“你须偿还” 菲亚梅塔
70%
序时之匙 莫斯提马
70%
圣约决裁 圣约送葬人
68%
剑雨滂沱 缄默德克萨斯
68%
液氮大炮 温蒂
68%
震地碎岩击
66%
锐笔速写 鸿雪
66%
“很重的枪” 刻俄柏
66%
光辉旗帜 琴柳
64%
铁钳号·原型机 白铁
62%
耀阳颔首 耀骑士临光
62%
圣域 夜莺
62%
我无 重岳
60%
沸腾爆裂
60%
失温症 灵知
60%
缺水的碎漩狂舞 歌蕾蒂娅
60%
灼地 伊芙利特
57%
碎颅击 推进之王
57%
秽壤的血脉 泥岩
57%
离离枯荣
57%
空中回旋乱舞 麒麟R夜刀
57%
闭膛连发 风笛
55%
教条力场 闪灵
55%
涌潮悲歌 斯卡蒂
55%
秘杖·反重力模式 安洁莉娜
55%
火山回响 纯烬艾雅法拉
53%
“永恒狩猎” 提丰
53%
生存的重压 归溟幽灵鲨
53%
D12 W
53%
攻坚榴弹 灰烬
49%
灯火不灭 流明
49%
战术的终结
49%
辉煌裂片 异客
47%
铁御
47%
“自由的探戈” 塑心
45%
怒目 嵯峨
45%
佑序有炎 左乐
45%
浅层非熵适应 缪尔赛思
43%
光羽箭 远牙
43%
“博萨克风暴” 艾拉
40%
先贤化身 瑕光
38%
力之锯 星熊
36%
焰心 焰尾
36%
丛林之魂 百炼嘉维尔
36%
夜幕突袭 傀影
34%
问雪 仇白
34%
满月 赫拉格
34%
判决 艾丽妮
34%
箭矢·暴风 空弦
34%
死境硝烟 赫德雷
32%
“如你所愿” 迷迭香
32%
生命火种 焰影苇草
32%
流光乍裂
32%
钢铁意志 森蚺
30%
武装打击模块 麦哲伦
30%
归于宁静
30%
高速共振排障 多萝西
28%
独影归途 伊内丝
26%
雪崩击 早露
26%
“得见光芒” 莱伊
23%
食噬之印 卡涅利安
23%
苦修破誓 止颂
23%
终极防线 号角
21%
博览者的狂语 霍尔海雅
21%
英勇的祝福 帕拉斯
21%
披荆斩棘 斥罪
19%
领袖的尊严 伺夜
19%
寂静之声 黑键
13%
饱和迸射 涤火杰西卡
11%
“明灭” 薇薇安娜
9%
无畏者协议 淬羽赫默
4%
No matching quizzes found
Score Distribution
Percent of People with Each Score
Percentile by Number Answered
Your Score History
You have not taken this quiz